[Event "ch-FRA Blitz Online Qual"]
[Site "Europe-Chess INT"]
[Date "2020.05.16"]
[Round "8"]
[White "Goyer, Lionel"]
[Black "Barrera, Armando"]
[Result "1-0"]
[WhiteElo "1782"]
[BlackElo "1486"]
[WhiteFideId "20628706"]
[BlackFideId "551036657"]
[EventDate "2020.05.16"]

1. d4 d5 2. Nf3 e6 3. Bg5 Nf6 4. e3 Be7 5. Nbd2 O-O 6. Bd3 c6 7. O-O Re8 8. Re1
Nbd7 9. c4 a6 10. Rc1 b5 11. c5 a5 12. Qc2 h6 13. Bh4 b4 14. a3 Ba6 15. Bxa6
Rxa6 16. axb4 axb4 17. Qd3 Ra8 18. Ra1 Rb8 19. Ra7 Qc8 20. Rea1 Bd8 21. Bg3 Rb5
22. Ne5 Nxe5 23. Bxe5 Nd7 24. Bd6 Be7 25. Rc7 Qb8 26. Rxc6 Bxd6 27. Rxd6 Nf6 28.
Rda6 Ng4 29. g3 e5 30. Ra8 Qb7 31. Rxe8# 1-0

[Event "ch-FRA Blitz Online Qual"]
[Site "Europe-Chess INT"]
[Date "2020.05.16"]
[Round "8"]
[White "Roussel, Matthieu"]
[Black "Commin-Humeau, Augustin"]
[Result "1-0"]
[WhiteElo "1577"]
[BlackElo "1971"]
[WhiteFideId "36070009"]
[BlackFideId "26093006"]
[EventDate "2020.05.16"]

1. e4 c5 2. Nf3 g6 3. d4 cxd4 4. Nxd4 Bg7 5. Nc3 Nc6 6. Be3 Nf6 7. Qd2 O-O 8.
Be2 d6 9. O-O-O Ng4 10. Bxg4 Bxg4 11. f3 Nxd4 12. Bxd4 Be6 13. g4 Qa5 14. a3
Rac8 15. Bxg7 Kxg7 16. h4 h5 17. gxh5 Qxh5 18. Qe3 Rc7 19. Rdg1 Rc5 20. f4 Bg4
21. Qg3 f5 22. exf5 gxf5 23. Qe3 Qf7 24. h5 Rfc8 25. h6+ Kh7 26. Qd3 Qc4 27.
Rxg4 Qxd3 28. Rg7+ Kh8 29. cxd3 d5 30. Kb1 d4 31. Ne2 e5 32. fxe5 Rxe5 33. Nxd4
Rd5 34. Ne6 Rxd3 35. Nf4 Rd6 36. Ng6+ Rxg6 37. Rxg6 Rf8 38. h7 b6 39. Rg8+ Rxg8
40. hxg8=Q+ Kxg8 41. Rf1 Kf7 42. Kc2 Ke6 43. Kb3 Ke5 44. Kc3 a6 45. Kd3 b5 46.
Ke3 a5 47. Re1 b4 48. axb4 axb4 49. Kf3+ Kd5 50. Kf4 Kc4 51. Kxf5 Kb3 52. Re2
Ka2 53. Ke4 b3 54. Kd4 Kb1 55. Kc4 Ka2 56. Kb4 Kb1 57. Ka3 Kc1 58. Kxb3 Kd1 59.
Rh2 Kc1 60. Kc4 Kb1 61. b4 Kc1 62. b5 Kd1 63. b6 Ke1 64. b7 Kd1 65. b8=Q Kc1 66.
Qb2+ Kd1 67. Qa1# 1-0

[Event "ch-FRA Blitz Online Qual"]
[Site "Europe-Chess INT"]
[Date "2020.05.16"]
[Round "8"]
[White "Salami, Reza"]
[Black "Inventar, Alexandre"]
[Result "1-0"]
[WhiteElo "1882"]
[BlackElo "1437"]
[WhiteFideId "618659"]
[BlackFideId "36054100"]
[EventDate "2020.05.16"]

1. d4 d6 2. Nf3 Nd7 3. Nc3 e5 4. dxe5 dxe5 5. e4 Ngf6 6. Bc4 Be7 7. O-O h6 8.
Qe2 c6 9. h3 Qc7 10. Be3 Nc5 11. Bxc5 Bxc5 12. Rad1 Bd7 13. Rd2 O-O-O 14. Rfd1
Rhf8 15. a3 g5 16. b4 Be7 17. b5 g4 18. hxg4 Bxg4 19. bxc6 Qxc6 20. Nd5 Nxd5 21.
Bxd5 Qf6 22. Qc4+ Kb8 23. Rb1 Rd7 24. Qb5 Rc7 25. Bxb7 Qb6 26. Bd5 Bc5 27. Nxe5
Bxf2+ 28. Rxf2 Rc5 29. Qxb6+ axb6 30. Rxb6+ Kc7 31. Rc6+ Rxc6 32. Nxc6 Kd6 33.
a4 Ra8 34. a5 Ra6 35. c4 Bd7 36. Rxf7 Bxc6 37. Rf6+ Ke5 38. Rxc6 Rxa5 39. Rxh6
Kf4 40. Rf6+ Kg3 41. Rf3+ Kg4 42. e5 Rc5 43. e6 Rc7 44. Rf7 Rc5 45. e7 Kg3 46.
e8=Q Ra5 47. Qg8+ Kh4 48. Rh7# 1-0

[Event "ch-FRA Blitz Online Qual"]
[Site "Europe-Chess INT"]
[Date "2020.05.16"]
[Round "8"]
[White "Giblin, Martin"]
[Black "Schrefheere, Anthime"]
[Result "0-1"]
[WhiteElo "1428"]
[BlackElo "1750"]
[WhiteFideId "45187053"]
[BlackFideId "657646"]
[EventDate "2020.05.16"]

1. f4 d6 2. Nf3 Nf6 3. e3 g6 4. d4 Bf5 5. Bd3 Be4 6. O-O Bg7 7. c3 O-O 8. Bxe4
Nxe4 9. Nbd2 Nxd2 10. Bxd2 Nd7 11. e4 Nf6 12. Qc2 c5 13. e5 Nd7 14. exd6 exd6
15. Rac1 Rc8 16. Qb3 Nb6 17. Be3 c4 18. Qa3 Nd5 19. Bd2 a6 20. Rfe1 Nc7 21. b3
Nb5 22. Qb2 d5 23. bxc4 Rxc4 24. Ne5 Bxe5 25. fxe5 Qe7 26. Bh6 Rfc8 0-1

[Event "ch-FRA Blitz Online Qual"]
[Site "Europe-Chess INT"]
[Date "2020.05.16"]
[Round "8"]
[White "Chevillon, Celia"]
[Black "Galhaud, Jean-Philippe"]
[Result "0-1"]
[WhiteElo "1433"]
[BlackElo "1749"]
[WhiteFideId "45107459"]
[BlackFideId "26001349"]
[EventDate "2020.05.16"]

1. e4 c5 2. Nf3 Nc6 3. d4 cxd4 4. Nxd4 g6 5. c3 Bg7 6. Be3 Nf6 7. f3 O-O 8. Bc4
d5 9. exd5 Nxd5 10. Bxd5 Qxd5 11. O-O Bd7 12. Re1 Rad8 13. Na3 Nxd4 14. Bxd4 e5
15. Be3 Qe6 16. Qc2 Bc6 17. Rad1 f5 18. Rxd8 Rxd8 19. Rd1 Rxd1+ 20. Qxd1 Qd5 21.
Qxd5+ Bxd5 22. b3 a6 23. Nc2 b5 24. Na1 Kf7 25. Kf2 Ke6 26. Ke2 e4 27. Bd2 exf3+
28. gxf3 h5 29. Nc2 Be5 30. h3 Kd6 31. Nb4 Bb7 32. Nd3 Bf6 33. Bf4+ Kd5 34. Nb4+
Kc5 35. Nd3+ Kd5 36. Nb4+ Ke6 37. Bd2 g5 38. Kf2 f4 39. Kg2 Kf5 40. Nd3 g4 41.
hxg4+ hxg4 42. Kf2 Bxf3 43. Bxf4 Ke4 44. Ne1 Kxf4 45. Nxf3 gxf3 46. c4 bxc4 47.
bxc4 a5 48. c5 Bd4+ 49. Kf1 Bxc5 50. a4 Kg3 51. Ke1 Kg2 52. Kd2 f2 53. Ke2 f1=Q+
54. Kd2 Qf3 55. Kc2 Kg3 56. Kd2 Kf4 57. Kc2 Ke4 58. Kd2 Bb4+ 59. Kc2 Kd4 60. Kb2
Kc4 61. Ka1 Kb3 62. Kb1 Qf1# 0-1

[Event "ch-FRA Blitz Online Qual"]
[Site "Europe-Chess INT"]
[Date "2020.05.16"]
[Round "8"]
[White "Eric Andriana, Fitia"]
[Black "Gordon, Louis"]
[Result "0-1"]
[WhiteElo "1401"]
[BlackElo "1758"]
[WhiteFideId "36094366"]
[BlackFideId "45186162"]
[EventDate "2020.05.16"]

1. e4 e6 2. d3 d5 3. Nd2 Nf6 4. g3 Bc5 5. Bg2 Nc6 6. Ngf3 dxe4 7. dxe4 e5 8. O-O
O-O 9. Re1 b6 10. Qe2 a5 11. h4 Ng4 12. Nf1 Bxf2+ 13. Kh1 Ba6 14. Qd1 Bxe1 15.
Qxe1 Qd6 16. Bh3 h5 17. Bg5 f6 18. Rd1 Qxd1 19. Bxg4 Qxe1 20. Nxe1 hxg4 0-1

[Event "ch-FRA Blitz Online Qual"]
[Site "Europe-Chess INT"]
[Date "2020.05.16"]
[Round "8"]
[White "Bourgeois, Ludovic"]
[Black "Stajkovski, Stefan"]
[Result "0-1"]
[WhiteElo "1748"]
[BlackElo "1428"]
[WhiteFideId "690678"]
[BlackFideId "551053250"]
[EventDate "2020.05.16"]

1. d4 Nf6 2. Nf3 e6 3. e3 c5 4. Bd3 Nc6 5. b3 Be7 6. Bb2 O-O 7. O-O d5 8. Nbd2
b6 9. Ne5 Bb7 10. f4 Nxe5 11. fxe5 Ne4 12. Bxe4 dxe4 13. Qg4 Qd5 14. c4 Qc6 15.
d5 exd5 16. e6 f6 17. Rf4 Bc8 18. cxd5 Qxd5 19. Rd1 Bxe6 20. Qe2 Rad8 21. Rxe4
Qc6 22. Rf4 Rd7 23. Nf3 Rfd8 24. Rxd7 Qxd7 25. h3 Qd1+ 26. Qxd1 Rxd1+ 27. Kh2
Bd6 28. Bc3 Bxf4+ 29. exf4 Kf7 30. Kg3 Rd3 31. Be1 Bd5 32. Bf2 Bxf3 33. gxf3 Rd2
34. a3 Rb2 35. b4 cxb4 36. axb4 Rxb4 37. Be1 Rb1 38. Bc3 a5 39. Bd4 a4 40. f5 a3
41. Kf4 a2 42. Ke4 a1=Q 43. Bxa1 Rxa1 44. Kf4 b5 45. h4 b4 46. Ke3 b3 47. Kd2 b2
48. Kc2 b1=Q+ 49. Kc3 Qd1 50. Kc4 Rc1+ 51. Kb5 Rc2 0-1

[Event "ch-FRA Blitz Online Qual"]
[Site "Europe-Chess INT"]
[Date "2020.05.16"]
[Round "8"]
[White "Flores, Victor"]
[Black "Vanneste, Axel"]
[Result "1-0"]
[WhiteElo "1741"]
[BlackElo "1413"]
[WhiteFideId "45133492"]
[BlackFideId "36020192"]
[EventDate "2020.05.16"]

1. e4 e5 2. Nf3 Nc6 3. Bb5 a6 4. Ba4 Nf6 5. O-O b5 6. Bb3 Nxe4 7. Re1 Nd6 8.
Nxe5 Nxe5 9. Rxe5+ Be7 10. d4 O-O 11. Bf4 Bf6 12. Re1 Nf5 13. c3 d6 14. Bd5 Rb8
15. Nd2 b4 16. Nc4 bxc3 17. bxc3 Bb7 18. Bxb7 Rxb7 19. Qf3 d5 20. Na5 Rb2 21.
Nb3 Nh4 22. Qd3 Ng6 23. Bc1 Rxb3 24. axb3 Qd6 25. Rxa6 Qd7 26. Bd2 c6 27. Rea1
Qd6 28. g3 h6 29. R1a5 Ne7 30. Be3 Nc8 31. Rc5 Qd7 32. Rcxc6 Na7 33. Rd6 Qc7 34.
Rxf6 gxf6 35. Rxf6 Qe7 36. Qf5 Qe4 37. Bxh6 Qxf5 38. Rxf5 Rc8 39. Bd2 Nb5 40.
Rxd5 Nxc3 41. Bxc3 Rxc3 42. b4 Rc1+ 43. Kg2 Rb1 44. Rd8+ Kg7 45. Rb8 Kf6 46. Kf3
Ke6 47. h4 Rb3+ 48. Kf4 Kd5 49. h5 Kxd4 50. h6 Kc3 51. h7 Rxb4+ 52. Rxb4 Kxb4
53. h8=Q Kc5 54. Qe5+ Kc6 55. Kf5 Kd7 56. Kf6 Kd8 57. Qe7+ Kc8 58. Kxf7 Kb8 59.
Ke6 Ka8 60. Kd6 Kb8 61. Kc6 Ka8 62. Kb6 Kb8 63. Qd8# 1-0

[Event "ch-FRA Blitz Online Qual"]
[Site "Europe-Chess INT"]
[Date "2020.05.16"]
[Round "8"]
[White "Daunay, Gabriel"]
[Black "Randrianarimanana, Alicia"]
[Result "0-1"]
[WhiteElo "1701"]
[BlackElo "1971"]
[WhiteFideId "45103321"]
[BlackFideId "36034738"]
[EventDate "2020.05.16"]

1. e4 c5 2. Nf3 d6 3. c3 Nf6 4. h3 g6 5. Bd3 Bg7 6. Bc2 O-O 7. O-O Nc6 8. d4 e5
9. Be3 b6 10. d5 Ne7 11. c4 h6 12. Nc3 Nh5 13. Qd2 Kh7 14. Nh2 a6 15. g4 Nf4 16.
Bxf4 exf4 17. Qxf4 g5 18. Qe3 Ng6 19. Rab1 Bd4 20. Qd2 Nf4 21. e5+ Kg7 22. exd6
Qxd6 23. Ne2 Nxh3+ 24. Kg2 Nf4+ 25. Nxf4 gxf4 26. Nf3 Bf6 27. Qd3 Rh8 28. Nh4
Bxg4 29. f3 Bd7 30. Nf5+ Bxf5 31. Qxf5 Rag8 32. Kf2 Bd4+ 33. Ke2 Re8+ 34. Be4
Qe5 35. Rg1+ Kf8 36. Qxe5 Rxe5 37. Kd2 f5 38. Bd3 Bxg1 39. Rxg1 Kf7 40. b3 Rhe8
41. Rh1 Kg7 42. Rh5 Kg6 43. Rh1 Re3 44. Rg1+ Kf6 45. Rf1 Rg8 46. Rf2 Rg3 47. Be2
h5 48. Rh2 Kg5 49. d6 Re8 50. Kc3 Rd8 51. Bd3 Rxf3 52. Kc2 Rxd6 53. Be2 Rg3 54.
Rxh5+ Kg6 55. Rh4 f3 56. Bd3 f2 57. Rf4 Rgxd3 58. Rxf2 Kg5 59. a4 f4 60. Rg2+
Kf5 0-1

[Event "ch-FRA Blitz Online Qual"]
[Site "Europe-Chess INT"]
[Date "2020.05.16"]
[Round "8"]
[White "Weber, Richard"]
[Black "Billot, Daniel"]
[Result "0-1"]
[WhiteElo "1463"]
[BlackElo "1679"]
[WhiteFideId "644382"]
[BlackFideId "618004"]
[EventDate "2020.05.16"]

1. d4 Nf6 2. Nc3 c5 3. d5 e6 4. dxe6 fxe6 5. Bf4 d5 6. e3 Be7 7. Bb5+ Bd7 8.
Bxb8 Rxb8 9. Bxd7+ Qxd7 10. Nge2 O-O 11. O-O Bd6 12. h3 Rbd8 13. a4 Qc6 14. Nb5
Bb8 15. Qd2 a6 16. Nbc3 Qc7 17. Ng3 d4 18. exd4 Rxd4 19. Qe3 Nh5 20. Qxe6+ Kh8
21. Nce4 Nf4 22. Qg4 Rxe4 23. Nf5 Ne2+ 24. Qxe2 Qh2# 0-1

[Event "ch-FRA Blitz Online Qual"]
[Site "Europe-Chess INT"]
[Date "2020.05.16"]
[Round "8"]
[White "Barraud, Mickael"]
[Black "Gilles, Francois"]
[Result "1-0"]
[WhiteElo "1733"]
[BlackElo "1637"]
[WhiteFideId "696137"]
[BlackFideId "654663"]
[EventDate "2020.05.16"]

1. e4 Nf6 2. e5 Nd5 3. d4 d6 4. c4 Nb6 5. Nf3 Bg4 6. exd6 exd6 7. Be3 Be7 8. h3
Bh5 9. Nc3 O-O 10. Be2 c6 11. b3 N8d7 12. O-O Nf6 13. Qd2 h6 14. Rad1 Qc7 15.
Bf4 Qd7 16. Rfe1 Rfe8 17. d5 c5 18. Nh2 Bxe2 19. Rxe2 Bf8 20. Rde1 Rxe2 21. Rxe2
Re8 22. Rxe8 Qxe8 23. Nf1 Nbd7 24. Ne3 Ne4 25. Nxe4 Qxe4 26. Bg3 Nf6 27. f3 Qb1+
28. Kh2 Qg6 29. Bh4 Nh5 30. g4 Nf6 31. Nf5 Ne8 32. Bg3 Qf6 33. Qe2 Nc7 34. h4 b5
35. h5 1-0

[Event "ch-FRA Blitz Online Qual"]
[Site "Europe-Chess INT"]
[Date "2020.05.16"]
[Round "8"]
[White "Janon, Nicolas"]
[Black "Villevieille, Lucas"]
[Result "0-1"]
[WhiteElo "1392"]
[BlackElo "1713"]
[WhiteFideId "36039136"]
[BlackFideId "36022349"]
[EventDate "2020.05.16"]

1. e4 c5 2. Nf3 d6 3. d4 cxd4 4. Nxd4 Nf6 5. Nc3 a6 6. Bg5 e6 7. Bd3 Be7 8. Qe2
Qb6 9. Nb3 Nc6 10. Be3 Qc7 11. O-O-O b5 12. Qf3 Ne5 13. Qe2 b4 14. Nb1 Nxd3+ 15.
Qxd3 a5 16. h3 Ba6 17. Qd2 Nxe4 18. Qe1 Rc8 19. Qe2 Bxe2 0-1

[Event "ch-FRA Blitz Online Qual"]
[Site "Europe-Chess INT"]
[Date "2020.05.16"]
[Round "8"]
[White "Zanin, Clement"]
[Black "Perolini, Cedric"]
[Result "0-1"]
[WhiteElo "1327"]
[BlackElo "1706"]
[WhiteFideId "36066869"]
[BlackFideId "20692773"]
[EventDate "2020.05.16"]

1. e4 e5 2. Nf3 Nc6 3. Bc4 Bc5 4. d3 Nf6 5. Nc3 d6 6. Bg5 h6 7. Bh4 g5 8. Bg3
Nh5 9. O-O Nxg3 10. hxg3 Bg4 11. Nd5 Nd4 12. c3 Nxf3+ 13. gxf3 Bh3 14. Re1 c6
15. Nb4 Qb6 16. Qe2 Bxb4 17. cxb4 Qxb4 18. Kh2 Be6 19. f4 gxf4 20. Bxe6 fxe6 21.
Qh5+ Ke7 22. gxf4 Qxb2 23. Qh4+ Kd7 24. fxe5 Qxe5+ 25. f4 Qb2+ 26. Kh1 Rag8 27.
Rg1 Rxg1+ 28. Rxg1 Rh7 29. Qh5 Qf6 30. Qf3 Qh4+ 31. Kg2 Rg7+ 32. Kf1 Rxg1+ 33.
Kxg1 h5 34. Kf1 Qg4 35. Qf2 Qd1+ 36. Kg2 Qxd3 37. f5 Qxe4+ 38. Kh3 Qxf5+ 39.
Qxf5 exf5 40. Kh4 Ke6 41. Kxh5 Ke5 42. Kh4 Kf4 43. Kh3 Kf3 44. Kh2 f4 45. Kh3
Ke2 46. Kg2 f3+ 47. Kg1 f2+ 48. Kg2 f1=Q+ 49. Kg3 Qf5 50. Kh2 Qg4 51. a4 Kf2 52.
a5 Qh4# 0-1

[Event "ch-FRA Blitz Online Qual"]
[Site "Europe-Chess INT"]
[Date "2020.05.16"]
[Round "8"]
[White "Rapaire, Jean-Michel"]
[Black "Toussaint, Florent"]
[Result "1/2-1/2"]
[WhiteElo "1742"]
[BlackElo "1391"]
[WhiteFideId "5400023"]
[BlackFideId "36088730"]
[EventDate "2020.05.16"]

1. e4 e5 2. Nf3 Nc6 3. Bb5 a6 4. Bxc6 dxc6 5. d4 exd4 6. Qxd4 Qxd4 7. Nxd4 Bc5
8. Be3 Bb6 9. Nd2 Bd7 10. c3 O-O-O 11. O-O-O Nf6 12. f3 Rhe8 13. Rhe1 c5 14.
N4b3 Bb5 15. c4 Bc6 16. Bxc5 Bxc5 17. Nxc5 Rd4 18. Ncb3 Rd3 19. Nb1 Red8 20.
Rxd3 Rxd3 21. Rd1 Rxd1+ 22. Kxd1 Ba4 23. Nd2 Nd7 24. Ke2 Ne5 25. h3 Kd7 26. Ke3
Kd6 27. f4 Ng6 28. g3 f6 29. Kd4 Bc6 30. Nc5 Ne7 31. Nd3 Nc8 32. b4 Bd7 33. h4
b6 34. e5+ fxe5+ 35. Nxe5 c5+ 36. bxc5+ bxc5+ 37. Kc3 Be6 38. Ne4+ Ke7 39. Nxc5
Nd6 40. Nxe6 Kxe6 41. Kd4 Nf5+ 42. Kc5 Nxg3 43. Kb6 Nf5 44. Kxa6 Nxh4 45. c5 Ng2
46. Nd3 Kd5 47. Kb6 Ne3 48. c6 Nc4+ 49. Kb7 Nd6+ 50. Kb6 Nc4+ 51. Kb5 Nd6+ 52.
Kb6 Nc4+ 1/2-1/2

[Event "ch-FRA Blitz Online Qual"]
[Site "Europe-Chess INT"]
[Date "2020.05.16"]
[Round "8"]
[White "Hadida, Simon"]
[Black "Gatineau, Milann"]
[Result "1-0"]
[WhiteElo "1900"]
[BlackElo "1390"]
[WhiteFideId "45132925"]
[BlackFideId "36044199"]
[EventDate "2020.05.16"]

1. e4 e6 2. d4 d5 3. Nc3 Bb4 4. e5 c5 5. a3 Ba5 6. Nf3 Nc6 7. Bb5 cxd4 8. Nxd4
Bd7 9. Bxc6 bxc6 10. b4 Bb6 11. O-O Qc7 12. Re1 Ne7 13. Qg4 Ng6 14. Nf3 O-O 15.
h4 f6 16. exf6 Rxf6 17. Bg5 Rf7 18. h5 Nf4 19. Rad1 e5 20. Qh4 e4 21. Nxe4 dxe4
22. Rxe4 Nd5 23. Rde1 Raf8 24. c4 Nf6 25. Re7 Qd6 26. Rxf7 Rxf7 27. h6 Qf8 28.
Ne5 Re7 29. hxg7 Rxg7 30. Bxf6 Rf7 31. Nxd7 Rxd7 32. Qg5+ Rg7 33. Bxg7 Qxf2+ 34.
Kh2 Bc7+ 35. Kh3 Qxe1 36. Bc3+ Kf8 37. Bxe1 Ke8 38. Qg8+ 1-0

[Event "ch-FRA Blitz Online Qual"]
[Site "Europe-Chess INT"]
[Date "2020.05.16"]
[Round "8"]
[White "Genot, Jean-Paul"]
[Black "Hilton, Marc"]
[Result "0-1"]
[WhiteElo "1673"]
[BlackElo "1546"]
[WhiteFideId "45150940"]
[BlackFideId "36086983"]
[EventDate "2020.05.16"]

1. e4 c5 2. Nc3 d6 3. f4 Nf6 4. Nf3 Nc6 5. Bb5 Bg4 6. O-O Qb6 7. Kh1 a6 8. Bc4
Nd4 9. d3 e6 10. Ne2 Be7 11. Nfxd4 cxd4 12. h3 Bxe2 13. Qxe2 O-O 14. Bb3 Nd7 15.
c3 Rac8 16. cxd4 Qxd4 17. Be3 Qf6 18. Rac1 Nc5 19. Bd1 d5 20. exd5 exd5 21. Bd2
Rfe8 22. Qf3 Qxb2 23. Bc3 Qxc1 24. Bb3 Qxc3 25. Bxd5 Qxd3 26. Qxd3 Nxd3 27. Bxb7
Rc7 28. Bxa6 Nc5 29. Bb5 Rb8 30. a4 Ra7 31. Re1 Bf8 32. f5 Nxa4 0-1

[Event "ch-FRA Blitz Online Qual"]
[Site "Europe-Chess INT"]
[Date "2020.05.16"]
[Round "8"]
[White "Anas, Raphael"]
[Black "Azizyan, Rafayel"]
[Result "0-1"]
[WhiteElo "1421"]
[BlackElo "1667"]
[WhiteFideId "45115770"]
[BlackFideId "651016931"]
[EventDate "2020.05.16"]

1. e4 e6 2. d4 d5 3. e5 c5 4. c3 Nc6 5. Nf3 Qb6 6. a3 Bd7 7. b4 cxd4 8. cxd4 Nh6
9. Bb2 Rc8 10. Nbd2 Nf5 11. Nb3 Nxb4 12. axb4 Qxb4+ 13. Nfd2 Nxd4 14. Bxd4 Ba4
15. Bd3 Bxb3 16. Qxb3 Qxd4 17. Bb5+ Kd8 18. Rd1 Qxe5+ 19. Qe3 Qxe3+ 20. fxe3 Bc5
21. Ke2 a6 22. Bd3 Ke7 23. Rb1 b5 24. Rhc1 Bd6 25. g3 Kd7 26. Kf2 h6 27. Rxc8
Rxc8 28. Rb2 Rc3 29. Ke2 e5 30. Rc2 Ra3 31. Rb2 e4 32. Bc2 Rc3 33. Bd1 Bc5 34.
Rb3 Rxb3 35. Bxb3 Kd6 36. Nb1 Bb4 37. Kd1 a5 38. Kc2 a4 39. Bxa4 bxa4 40. Nc3
Bxc3 41. Kxc3 Kc5 42. Kb2 Kc4 43. Ka3 Kd3 44. Kxa4 Kxe3 45. Kb4 d4 46. Kc5 d3
47. Kd6 d2 48. Ke7 d1=Q 49. Kxf7 Kf3 50. Kxg7 Kg4 51. Kxh6 Qd6+ 52. Kg7 Kf5 53.
h4 Qf6+ 54. Kh7 Qg6+ 55. Kh8 Kf6 56. h5 Qg7# 0-1

[Event "ch-FRA Blitz Online Qual"]
[Site "Europe-Chess INT"]
[Date "2020.05.16"]
[Round "8"]
[White "Shved, Jakov"]
[Black "Sabapathee, Florian"]
[Result "0-1"]
[WhiteElo "1667"]
[BlackElo "1444"]
[WhiteFideId "45178194"]
[BlackFideId "45195951"]
[EventDate "2020.05.16"]

1. e4 c5 2. Nf3 e6 3. d4 cxd4 4. Nxd4 Nc6 5. Nc3 Nf6 6. Ndb5 d6 7. Bf4 e5 8. Bg5
Be7 9. Bxf6 gxf6 10. Nd5 O-O 11. Qf3 a6 12. Nbc3 Nd4 13. Qg3+ Kh8 14. Bd3 Rg8
15. Qh4 Be6 16. O-O-O b5 17. f4 Rb8 18. fxe5 dxe5 19. Rdf1 Rg6 20. Rf3 Nxf3 21.
gxf3 b4 22. Ne2 Bxd5 23. exd5 Qxd5 24. Bxg6 fxg6 25. Rg1 Qxf3 26. Ng3 Qf4+ 27.
Kb1 Qxh4 28. Ne2 Qf2 29. Rd1 Qxe2 30. Rc1 Rd8 31. b3 Rd1 32. Kb2 Rxc1 33. Kxc1
Qe1+ 34. Kb2 Qf2 35. Kb1 Qxh2 36. c3 bxc3 37. a4 Qb2# 0-1

[Event "ch-FRA Blitz Online Qual"]
[Site "Europe-Chess INT"]
[Date "2020.05.16"]
[Round "8"]
[White "Tempier, Martin"]
[Black "El Baroudi Abderrahmane"]
[Result "0-1"]
[WhiteElo "1357"]
[BlackElo "1599"]
[WhiteFideId "36009300"]
[BlackFideId "9005382"]
[EventDate "2020.05.16"]

1. e4 e5 2. Nf3 Nc6 3. d4 exd4 4. Nxd4 Nf6 5. Nc3 Bb4 6. Nxc6 bxc6 7. Bd3 O-O 8.
Bg5 Bxc3+ 9. bxc3 h6 10. Bh4 d5 11. exd5 Re8+ 12. Be2 Ba6 13. dxc6 Rxe2+ 14.
Qxe2 Bxe2 15. Kxe2 Qe8+ 16. Kf3 Qxc6+ 17. Kg3 Ne4+ 18. Kf4 Nxc3 19. f3 g5+ 20.
Bxg5 hxg5+ 21. Kxg5 Qg6+ 0-1

[Event "ch-FRA Blitz Online Qual"]
[Site "Europe-Chess INT"]
[Date "2020.05.16"]
[Round "8"]
[White "Rajaobelina, Hery"]
[Black "Assouane, Aksel"]
[Result "1-0"]
[WhiteElo "1592"]
[BlackElo "1238"]
[WhiteFideId "36054836"]
[BlackFideId "45154708"]
[EventDate "2020.05.16"]

1. e4 e5 2. Nf3 Nc6 3. Bb5 d6 4. c3 Nf6 5. d3 Bd7 6. O-O Be7 7. Re1 O-O 8. h3 a6
9. Ba4 b5 10. Bb3 Ne8 11. d4 exd4 12. cxd4 Na5 13. Bc2 f5 14. exf5 Bxf5 15. Bxf5
Rxf5 16. Qd3 Rf7 17. Nc3 Nf6 18. Bg5 Nc6 19. a3 b4 20. axb4 Nxb4 21. Qe2 Nbd5
22. Rac1 Nxc3 23. bxc3 Nd5 24. Bxe7 Rxe7 25. Qc4 Rxe1+ 26. Rxe1 c6 27. Qxc6 Nf6
28. Ng5 a5 29. Ne6 Qc8 30. Qd5 Kh8 31. Ng5 Qxc3 32. Nf7+ Kg8 33. Nh6+ Kh8 34.
Qg8+ Nxg8 35. Nf7# 1-0

[Event "ch-FRA Blitz Online Qual"]
[Site "Europe-Chess INT"]
[Date "2020.05.16"]
[Round "8"]
[White "Thobie, Pascal"]
[Black "Villeneuve, Robin"]
[Result "0-1"]
[WhiteElo "1216"]
[BlackElo "1662"]
[WhiteFideId "651001187"]
[BlackFideId "45100608"]
[EventDate "2020.05.16"]

1. Nf3 Nf6 2. c4 c5 3. Nc3 Nc6 4. e3 e5 5. e4 Be7 6. d3 d6 7. Nd5 Be6 8. Nxe7
Qxe7 9. a3 O-O 10. Bg5 h6 11. Bh4 Kh8 12. Be2 a6 13. O-O b5 14. cxb5 axb5 15. h3
Rg8 16. Qd2 Na5 17. Rab1 Nb3 18. Qc2 g5 19. Bg3 g4 20. Nd2 gxh3 21. Nxb3 h5 22.
Bxh5 Nxh5 23. Qd1 Qg5 24. Qf3 Bg4 25. Qe3 Qxe3 26. fxe3 Nxg3 27. Rxf7 hxg2 28.
Kxg2 Nxe4 29. Rh1+ Bh5+ 30. Kf1 Ng3+ 31. Kg2 Nxh1+ 32. Kxh1 Bxf7 33. Kh2 Ra7 34.
e4 Bxb3 0-1

[Event "ch-FRA Blitz Online Qual"]
[Site "Europe-Chess INT"]
[Date "2020.05.16"]
[Round "8"]
[White "Buffin, Jean"]
[Black "Thibous, Leo"]
[Result "1/2-1/2"]
[WhiteElo "1711"]
[BlackElo "1380"]
[WhiteFideId "20699751"]
[BlackFideId "45136084"]
[EventDate "2020.05.16"]

1. d4 d5 2. c4 e6 3. Nc3 Nf6 4. cxd5 Nxd5 5. e4 Nxc3 6. bxc3 c5 7. Be3 cxd4 8.
cxd4 Nc6 9. Nf3 Bb4+ 10. Bd2 Bxd2+ 11. Qxd2 O-O 12. Be2 Qd7 13. O-O Rd8 14. Rfd1
a6 15. Rac1 Ne7 16. Ne5 Qd6 17. Bh5 Ng6 18. Bxg6 hxg6 19. Qf4 Qe7 20. d5 exd5
21. exd5 Bf5 22. Re1 Qd6 23. g4 f6 24. gxf5 fxe5 25. Qxe5 Qxd5 26. Qxd5+ Rxd5
27. fxg6 Rg5+ 28. Kf1 Rxg6 29. Rc7 b5 30. Ree7 Kf8 31. Red7 a5 32. h4 b4 33. h5
Rg5 34. h6 gxh6 35. Rh7 Rg8 36. Rxh6 a4 37. Rb6 Rg4 38. Rbb7 Re8 39. Rh7 Kg8 40.
Rh6 Rg7 41. Rxb4 Ra7 42. Rhh4 Rea8 43. Rhg4+ Kf7 44. a3 Ke6 45. Rgc4 Kd5 46. Ke2
Re7+ 47. Kd3 Rf7 48. Rd4+ Kc5 49. Ke3 Re8+ 50. Re4 Rfe7 51. f3 Rxe4+ 52. Rxe4
Ra8 53. f4 Kd5 54. f5 Rf8 55. Kf4 Rf6 56. Rxa4 Rb6 57. Ra5+ Kd6 58. Ra4 Ke7 59.
Re4+ Kf6 60. a4 Ra6 61. Rd4 Rb6 62. Re4 Ra6 63. Re6+ Rxe6 64. fxe6 Kxe6 65. a5
Kd6 66. a6 Kc6 67. a7 Kb7 68. a8=Q+ Kxa8 1/2-1/2

[Event "ch-FRA Blitz Online Qual"]
[Site "Europe-Chess INT"]
[Date "2020.05.16"]
[Round "8"]
[White "Senegas, Pascal"]
[Black "Nguyen, Theo"]
[Result "0-1"]
[WhiteElo "1654"]
[BlackElo "1309"]
[WhiteFideId "45102074"]
[BlackFideId "551068591"]
[EventDate "2020.05.16"]

1. Nf3 d5 2. c4 d4 3. e3 c5 4. b4 dxe3 5. fxe3 b6 6. bxc5 bxc5 7. Nc3 Nf6 8. d4
cxd4 9. exd4 Bg4 10. h3 Bxf3 11. Qxf3 Nbd7 12. Ba3 Rb8 13. Be2 Qa5 14. Bc1 e6
15. Bd2 Bb4 16. O-O O-O 17. a3 Bd6 18. c5 Be7 19. Ne4 Qc7 20. Bf4 e5 21. dxe5
Nxe4 22. Qxe4 Bxc5+ 23. Kh1 Qd8 24. Rfd1 Qc8 25. e6 Nf6 26. exf7+ Rxf7 27. Qc4
Rb6 28. Be3 Rc6 29. Bf3 Rc7 30. Bxc5 Rxc5 31. Qa4 Rcc7 32. Rab1 Rfe7 33. Qb3+
Kh8 34. Qd3 Rcd7 35. Qe2 Rxe2 36. Bxe2 Rxd1+ 37. Rxd1 Ne4 38. Ba6 Qg8 39. Bc4
Nf2+ 40. Kg1 Nxd1 41. Bxg8 Kxg8 42. Kf1 Kf7 43. Ke2 Nc3+ 44. Kd3 Nb5 45. a4 Nd6
46. Kd4 Ke6 47. Kc5 Nc8 48. Kc6 Ke7 49. Kc7 Nb6 50. a5 Nc4 51. a6 Nd6 52. Kb8
Nb5 53. Kb7 Kd6 54. g3 g6 55. g4 h6 56. h4 g5 57. h5 Kd7 58. Kb8 Kc6 59. Kc8 Kb6
60. Kd7 Kxa6 61. Ke6 Kb6 62. Kf6 a5 63. Kg6 a4 64. Kxh6 a3 65. Kxg5 a2 66. h6
a1=Q 67. Kg6 Qb1+ 68. Kg7 Qb2+ 69. Kg6 Qh8 70. h7 Nd6 71. Kh6 Ne8 72. g5 Qg7+
73. Kh5 Qxh7+ 74. Kg4 Qg6 75. Kf4 Nd6 76. Kg4 Nf7 0-1